Tratados de Libre Comercio Retos y oportunidades /

Detalles Bibliográficos
Autor principal: Van Den Berghe R., Edgar
Formato: eBook
Lenguaje:español
Publicado: Bogot:̀ ECOE, 2014
Materias:
Acceso en línea:Acceso restringido

MARC

LEADER 00000nam a22000007a 4500
005 2016120407017.0
007 cr|||| ||||
008 161204s2014 co |||||s|||| 00||0 spa d
020 |a 978-958-771-078-6 
035 |a 14571 
040 |a vLex 
090 |c 6416  |d 6416 
100 1 |a Van Den Berghe R., Edgar 
245 1 0 |a Tratados de Libre Comercio  |h [Recurso electrn̤ico] :  |b Retos y oportunidades /  |c Edgar Van Den Berghe R. 
256 |a Servicio en ln̕ea 
260 |a Bogot:̀  |b ECOE,  |c 2014 
300 |a 1 recurso electrn̤ico (328 p.) 
500 |a Contiene la historia de empresas colombianas que exportan a los pas̕es firmantes de los TLC: Servientrega, Mario Hernǹdez, Alpina, Fundacin̤ Bavaria y Ecoe Ediciones. 
506 1 |a Disponible solo en los productos indicados  |d vLex Global  |d vLex Global (Academic Edition, excluding Law Schools)  |d vLex Global (U.S. Academic Edition, Law Schools)  |d vLex Global (U.S. Academic Edition, excluding Law Schools)  |d vLex Global (Academic Edition, Law Schools) 
650 0 4 |a Derecho Mercantil y de la Empresa  |z Colombia 
650 0 4 |a Derecho Internacional  |z Colombia 
650 0 4 |a Economa̕ y negocios  |z Colombia 
740 0 |a vLex Libros (Servicio en ln̕ea) 
856 4 0 |u http://vlex.com/source/tratados-libre-comercio-retos-oportunidades-14571  |z Acceso restringido 
942 |c BOOK 
999 0 |a Commercial and Company Law 
999 0 |a International Law 
999 0 |a Economy and business